Mathematics for decision making : A programmed basic text

This is a marvelous book. It deals with serious mathematics, but it is a self-teaching tool. It begins with the most basic of basics to make sure that the reader is ready for more and then continues into more advanced topics. It is so well constructed that all the reader needs is an understanding of...

Disgrifiad llawn

Wedi'i Gadw mewn:
Manylion Llyfryddiaeth
Prif Awdur: Martin, E. Wainright
Fformat: Llyfr
Iaith:Undetermined
Cyhoeddwyd: Homewood, Ill. R. D. Irwin 1969
Pynciau:
Tagiau: Ychwanegu Tag
Dim Tagiau, Byddwch y cyntaf i dagio'r cofnod hwn!
Thư viện lưu trữ: Trung tâm Học liệu Trường Đại học Cần Thơ
LEADER 00968nam a2200217Ia 4500
001 CTU_186705
008 210402s9999 xx 000 0 und d
082 |a 512.5 
082 |b M379/Vol.1 
100 |a Martin, E. Wainright 
245 0 |a Mathematics for decision making : 
245 2 |b A programmed basic text 
245 0 |c E. Wainright Martin, Jr. 
260 |a Homewood, Ill. 
260 |b R. D. Irwin 
260 |c 1969 
520 |a This is a marvelous book. It deals with serious mathematics, but it is a self-teaching tool. It begins with the most basic of basics to make sure that the reader is ready for more and then continues into more advanced topics. It is so well constructed that all the reader needs is an understanding of the most basic logic. 
650 |a Algebras, Linear,Đại số tuyến tính 
650 |x Programmed instruction,Dạy lập trình 
910 |a Hải 
980 |a Trung tâm Học liệu Trường Đại học Cần Thơ